Haiti and the historical construction of disasters /

Na minha lista:
Detalhes bibliográficos
Autor principal: Oliver-Smith, Anthony
Formato: Texto
Tags: Adicionar Tag
Sem tags, seja o primeiro a adicionar uma tag!

MARC

LEADER 00000 a a2200000 04500
001 45865
003
040 |a CRAI/IIS  |c CRAI/IIS 
100 |a Oliver-Smith, Anthony  
245 |a Haiti and the historical construction of disasters /  |c Anthony Oliver-Smith  
773 |g vulumen43, número4 (2010), páginas 32-36  
999 |c 17898  |d 17898